000 00418pam a2200157a 44500
008 230515b2004 xxu||||| |||| 00| 0 eng d
020 _a81-7888-163-2
041 _aENGL
082 _aNULL
100 _a"CHAUDHARY JAYANT.,"
245 _aHANDBOOK OF HUMAN RIGHTS
250 _a0
260 _aNEW DELHI
_bDOMINANT PUBLISHERS & DISTRIBUTORS
_c2004
300 _aIX+303
650 _a"INTERNATIONAL LAW,HUMAN RIGHTS"
999 _c539492
_d539492